Speech Recognition system for controlling Electric Appliances / (Record no. 188353)

000 -LEADER
fixed length control field 00568 a2200181 4500
003 - CONTROL NUMBER IDENTIFIER
control field NUST
005 - DATE AND TIME OF LATEST TRANSACTION
control field 20260204184023.0
040 ## - CATALOGING SOURCE
Transcribing agency Nust
082 ## - DEWEY DECIMAL CLASSIFICATION NUMBER
Classification number 621.382,REH
100 ## - MAIN ENTRY--PERSONAL NAME
Personal name Rehman, NC Zia ur (TE-43C)
9 (RLIN) 131468
245 ## - TITLE STATEMENT
Title Speech Recognition system for controlling Electric Appliances /
Statement of responsibility, etc. Zia ur Rehman , Muhammad Amjad Ahmad, Faisal Khan Lohani and Rashid Sultan
260 ## - PUBLICATION, DISTRIBUTION, ETC.
Place of publication, distribution, etc. Rawalpindi
Name of publisher, distributor, etc. MCS
Date of publication, distribution, etc. July 2010
300 ## - PHYSICAL DESCRIPTION
Extent 49:p,;
650 ## - SUBJECT ADDED ENTRY--TOPICAL TERM
Topical term or geographic name entry element UG Projects
9 (RLIN) 98716
651 ## - SUBJECT ADDED ENTRY--GEOGRAPHIC NAME
Geographic name TE-43 C
9 (RLIN) 131469
700 ## - ADDED ENTRY--PERSONAL NAME
Personal name Supervised by Raja Iqbal
9 (RLIN) 131764
942 ## - ADDED ENTRY ELEMENTS (KOHA)
Koha item type Project Report
Source of classification or shelving scheme
Holdings
Withdrawn status Lost status Source of classification or shelving scheme Damaged status Not for loan Permanent Location Current Location Shelving location Date acquired Full call number Barcode Date last seen Price effective from Koha item type Public note
          Military College of Signals (MCS) Military College of Signals (MCS) Reference 12/12/2016 621.382,REH MCSPTE-189 12/08/2016 12/12/2016 Project Report Almirah No.90, Shelf No.3
© 2023 Central Library, National University of Sciences and Technology. All Rights Reserved.